आधुनिक विज्ञान युग / (Record no. 120128)

MARC details
000 -LEADER
fixed length control field 01040nam a22002537a 4500
005 - DATE AND TIME OF LATEST TRANSACTION
control field 20170124103153.0
010 ## - LIBRARY OF CONGRESS CONTROL NUMBER
LC control number B-149527
020 ## - INTERNATIONAL STANDARD BOOK NUMBER
Terms of availability 150.00
International Standard Book Number 8188123307
035 ## - SYSTEM CONTROL NUMBER
System control number B-149527
037 ## - SOURCE OF ACQUISITION
Source of stock number/acquisition Cen Lib/Ret
040 ## - CATALOGING SOURCE
Original cataloging agency DPL
Language of cataloging HN
082 ## - DEWEY DECIMAL CLASSIFICATION NUMBER
Classification number 609
Item number कपूर
100 ## - MAIN ENTRY--PERSONAL NAME
Personal name कपूर, कंवल नयन
9 (RLIN) 6710
245 ## - TITLE STATEMENT
Title आधुनिक विज्ञान युग /
Statement of responsibility, etc कंवल नयन कपूर
246 ## - VARYING FORM OF TITLE
Title proper/short title aadhunik vigyan yug /
Remainder of title by Kanwal Nain Kapoor
260 ## - PUBLICATION, DISTRIBUTION, ETC. (IMPRINT)
Place of publication, distribution, etc दिल्ली
Name of publisher, distributor, etc हिमाचल पुस्तक भंडार
Date of publication, distribution, etc 2006
270 ## - ADDRESS
Address ix/221, सरस्वती भंडार
City दिल्ली
Postal code 110031
300 ## - PHYSICAL DESCRIPTION
Extent 192पृ. :
Dimensions 21सेमी (सजिल्द)
Other physical details सचित्र
650 ## - SUBJECT ADDED ENTRY--TOPICAL TERM
Topical term or geographic name as entry element विज्ञान--इतिहास
9 (RLIN) 239
650 ## - SUBJECT ADDED ENTRY--TOPICAL TERM
Topical term or geographic name as entry element विज्ञान--खोजें
9 (RLIN) 88668
650 ## - SUBJECT ADDED ENTRY--TOPICAL TERM
Topical term or geographic name as entry element Science - History
9 (RLIN) 17841
650 ## - SUBJECT ADDED ENTRY--TOPICAL TERM
Topical term or geographic name as entry element Science -- Inventions
9 (RLIN) 88669
942 ## - ADDED ENTRY ELEMENTS (KOHA)
Source of classification or shelving scheme Dewey Decimal Classification
Koha item type Hindi Books
Classification part 609
Call number suffix कपूर
Holdings
Withdrawn status Lost status Damaged status Not for loan Home library Current library Date acquired Source of acquisition Cost, normal purchase price Total Checkouts Full call number Barcode Date last seen Copy number Cost, replacement price Price effective from Koha item type
        Central Library Central Library 21/09/2015 Cen Lib/Ret 150.00   609 कपूर B-149527 21/09/2015 1 150.00 21/09/2015 Hindi Books

© Delhi Public Library
Hit Counter
free hit counter